Estadísticas para Músculos del Hombro

Haz click aquí para intentar la prueba.

Estadísticas generales

  • Esta prueba ha sido intentada 43 veces
  • La puntuación promedio es 5 de 10

Estadísticas de respuestas

Músculos% Correcto
Deltoides
97%
Redondo Mayor
62%
Subescapular
62%
Infraespinoso
59%
Supraespinoso
59%
Redondo Menor
55%
Pectoral Mayor
41%
Pectoral Menor
38%
Subclavio
34%
Serrato Anterior
17%

Distribución de puntuación

Porcentaje por número respondido

Porcentaje de gente con cada puntuación

Historial de tus puntuaciones

No has intentado esta prueba.